000 00621aam a2200253 4500
005 20250729134734.0
008 150406b xxu||||| |||| 00| 0 spa d
020 _a9977234833
041 _aESP
082 _aCR 861.4 D288d4
100 _aDebravo, Jorge
_912331
245 _aLos despiertos
250 _a4 edición
260 _aCosta Rica
260 _bEditorial Costa Rica
260 _c2001
300 _a53 páginas
490 _aTEMÁTICA GENERAL
650 _aTEMÁTICA GENERAL
650 _aLITERATURA COSTARRICENSE
650 _aPOESÍA COSTARRICENSE
650 _aCOSTA RICA
942 _cBK
_2ddc
999 _c1079
_d1079